000 01028nam a2200265 i 4500
001 bg
100 1 _aPOPRZĘCKI, Dorota.
245 1 0 _aStanowiska europejskich związków zawodowych wobec swobodnego przepływu osób /
_cDorota Poprzęcki ; Instytut Spraw Publicznych.
260 _aWarszawa :
_bISP,
_c1999.
300 _a44 s. ;
_c30 cm.
500 _aNa okł. podtyt.: ekspertyzy, rekomendacje, raporty z badań.
650 9 _aMigracje
_xzagadnienia
_xUnia Europejska
_yod 1989 r.
650 9 _aSiła robocza
_xzagadnienia
_xUnia Europejska
_yod 1989 r.
650 9 _aZatrudnienie za granicą
_xUnia Europejska
_yod 1989 r.
650 9 _aZwiązki zawodowe
_xzagadnienia
_xUnia Europejska
_yod 1989 r.
710 0 _aInstytut Spraw Publicznych
020 _a8386917083
040 _cBPK
041 0 _apl
080 _a331.105.44:331.5](4-67)"1989/..."
920 _a83-86917-08-3
942 _cKS
008 s pl f |000 0 pol
999 _c39143
_d39143
856 _uhttp://koha.tu.koszalin.pl/cgi-bin/koha/opac-detail.pl?biblionumber=39143
_yKatalog online BPK